000 00501 a2200157 4500
082 _a861.728.1
_bD352a
100 _aDelgado, Nicole Cecilia
_9643
245 _aaǫsluz
250 _aColeccin̤ Dual, Nm͠ero 1
260 _aGuatemala
_bVueltegato Editores
_c2010
300 _a66 p
_bil (col)
_c17.5 cm
505 _tPresentacin̤ Editorial
_t2010
_taǫsluz
_tI II/ La ms̕tica sexual del Che Guevara III
650 _aliteratura
_zGuatemala
_9644
690 _apoesa̕
700 _aNicole Cecilia Delgado
_9645
999 _c130
_d130